Geboren in Aschaffenburg - Statistiken

Allgemein
  • Dieses Quiz wurde 60 mal gespielt
  • Das Durchschnittsergebnis liegt bei 3 aus 10
Antwortstatistiken
Hinweis Antwort % Korrekt
früherer Nationalspieler (HSV) und Trainer (Bayern, Wolfsburg, Schalke) 1953 Felix Magath
83%
Sportdirektor des VfL Wolfsburg und früherer Nationalspieler (Wolfsburg, 1860) 1984 Marcel Schäfer
50%
Komiker u.a bekannt aus der Sendung "Neues aus der Anstalt" 1961 Urban Priol
48%
SPD-Politiker und Oberbürgermeister von Aschaffenburg 1960 Jürgen Herzing
22%
ehemaliger kroatischer Nationalspieler, (HSV, Kaiserslautern, Darmstadt) 1986 Ivo Ilicevic
19%
ehemaliger griechischer Nationalspieler, (Watford, Rom, Piräus) 1984 José Holebas
19%
Fußballtrainer (Duisburg, Cottbus, 1860 München) und ehemaliger Fußballspieler (Fortuna Düsseldorf, KFC Uerdingen, Eintracht Frankfurt) 1957 Rudi Bommer
15%
Börsenmoderatorin der ARD 1970 Anja Kohl
11%
ehemaliger amerikanischer NBA-Spieler und Olympiasieger, (Utah Jazz, Chicago Bulls, Los Angeles Lakers) 1981 Carlos Boozer
4%
CSU-Politiker und früherer Ministerpräsident von Bayern 1901 Hanns Seidel
4%
Keine übereinstimmenden Quizze gefunden
Verteilung der Resultate
Anzahl Personen mit jedem Resultat
Perzentil nach korrekt beantworteten Fragen
Ihre Resultats-Entwicklung
Sie haben dieses Quiz noch nicht gespielt